| 000 | 00572nam a2200193 a 4500 | ||
|---|---|---|---|
| 001 | 19092 | ||
| 003 | CO-ViMGA | ||
| 008 | 141112s2004 ck r 000 u spa d | ||
| 040 |
_aCO-ViMGA _bspa _cCO-ViMGA |
||
| 082 | 0 | 4 | _a370.114 A673 |
| 245 | 1 | 0 | _aAprender a ser persona |
| 260 |
_aMontevideo : _bSudamer; 1999 |
||
| 490 | 0 | _aColección Valores y Actitudes | |
| 590 |
_aForma de adquisición : Donación Libreria Temas y Libros 2005 - - Precio : _2.750 |
||
| 650 | 1 | 4 |
_aCONDUCTA - ética _9149 |
| 650 | 1 | 4 | _aeducación MORAL |
| 650 | 1 | 4 | _aVALORES HUMANOS |
| 942 |
_2ddc _cBK |
||
| 999 |
_c9750 _d9750 |
||